LEADER 01028nam0-22003371i-450- 001 990001048730403321 005 20061215112250.0 035 $a000104873 035 $aFED01000104873 035 $a(Aleph)000104873FED01 035 $a000104873 100 $a20001205d1976----km-y0itay50------ba 101 0 $aeng 102 $aCH 105 $a--------101yy 200 1 $a3rd International conference on nuclei far from stability$eInstitut d'études scientifiques$eCargèse, Corsica (France) 19-26 May 1976 210 $aGeneva$cCERN$d1976 215 $a1 v. 225 1 $aReport CERN 76-13 15 July 1976 610 0 $aFisica nucleare 610 0 $aRadioattività 676 $a539.74 676 $a539.752 710 02$aCERN$9$0345867 801 0$aIT$bUNINA$gRICA$2UNIMARC 901 $aBK 912 $a990001048730403321 952 $a34AI-218$b10265$fFI1 959 $aFI1 996 $a3rd International conference on nuclei far from stability$9340890 997 $aUNINA LEADER 01524nam 2200397 a 450 001 9910695319403321 005 20061024100526.0 035 $a(CKB)5470000002369560 035 $a(OCoLC)74275336 035 $a(EXLCZ)995470000002369560 100 $a20061024d2006 ua 0 101 0 $aeng 135 $aurmn|---||||| 181 $ctxt$2rdacontent 182 $cc$2rdamedia 183 $acr$2rdacarrier 200 10$aHomeland Security$b[electronic resource] $econtract management and oversight for Visitor and Immigrant Status Program need to be strengthened : report to congressional requesters 210 1$a[Washington, D.C.] :$cU.S. Government Accountability Office,$d[2006] 215 $aiii, 75 pages $cdigital, PDF file 300 $aTitle from title screen (viewed on Sept. 28, 2006). 300 $a"June 2006." 300 $aPaper version available from: U.S. Government Accountability Office, 441 G St., NW, Rm. LM, Washington, D.C. 20548. 300 $a"GAO-06-404." 320 $aIncludes bibliographical references. 517 $aHomeland Security 606 $aPublic contracts$zUnited States$xManagement 606 $aVisitors, Foreign$zUnited States$xIdentification 607 $aUnited States$xEmigration and immigration$xGovernment policy 615 0$aPublic contracts$xManagement. 615 0$aVisitors, Foreign$xIdentification. 801 0$bGPO 801 1$bGPO 906 $aBOOK 912 $a9910695319403321 996 $aHomeland Security$91686681 997 $aUNINA